[Event "LSS ZL-2022-0-02374"]
[Site "LSS email"]
[Date "2022.09.27"]
[Round "?"]
[White "Cordes, Michael"]
[Black "Razo, Ryan Jose"]
[Result "1/2-1/2"]
[WhiteElo "1062"]
[BlackElo "1275"]
[PlyCount "47"]
[EventDate "2022.08.19"]
[EventType "match (corr)"]
[EventRounds "2"]
[EventCountry "GER"]
[SourceTitle "Corr 2024"]
[Source "ChessBase"]
[SourceDate "2023.10.19"]
[SourceVersion "1"]
[SourceVersionDate "2023.10.19"]
[SourceQuality "1"]

1. Nf3 Nf6 2. Nc3 e6 3. e4 d5 4. exd5 exd5 5. d4 Bd6 6. Ng5 0-0 7. Be2 Bf5 8. 0-0 Re8 9. Nb5 Be7 10. Bf4 Na6 11. c4 c6 12. Nc3 Nc7 13. Re1 dxc4 14. Bxc4 Ncd5 15. Re5 Bg6 16. Bxd5 Nxd5 17. Nxd5 cxd5 18. Qb3 Qb6 19. Qxb6 axb6 20. Rae1 f6 21. Rxe7 Rxe7 22. Rxe7 fxg5 23. Be5 Rxa2 24. h3 1/2-1/2

[Event "LSS ZL-2022-0-02374"]
[Site "LSS email"]
[Date "2022.09.27"]
[Round "?"]
[White "Razo, Ryan Jose"]
[Black "Cordes, Michael"]
[Result "0-1"]
[WhiteElo "1275"]
[BlackElo "1062"]
[PlyCount "64"]
[EventDate "2022.08.19"]
[EventType "match (corr)"]
[EventRounds "2"]
[EventCountry "GER"]
[SourceTitle "Corr 2024"]
[Source "ChessBase"]
[SourceDate "2023.10.19"]
[SourceVersion "1"]
[SourceVersionDate "2023.10.19"]
[SourceQuality "1"]

1. d4 d5 2. c4 e6 3. Nc3 c5 4. cxd5 exd5 5. Nf3 Nc6 6. g3 Nf6 7. Bg2 cxd4 8. Nxd4 Bc5 9. Nb3 Bb6 10. 0-0 d4 11. Na4 0-0 12. Nxb6 axb6 13. Bg5 Bg4 14. Re1 Be6 15. Qd3 h6 16. Bxf6 Qxf6 17. a3 Ne5 18. Qb5 Bd7 19. Qb4 Ra4 20. Qd2 Bc6 21. Bxc6 bxc6 22. Rac1 c5 23. Rf1 d3 24. Qd1 c4 25. Nd2 b5 26. Ne4 Qc6 27. Nc3 dxe2 28. Qxe2 Nf3+ 29. Kh1 Re8 30. Qd1 Re5 31. Qxf3 Qxf3+ 32. Kg1 Ra8 0-1

[Event "LSS ZL-2022-0-02373"]
[Site "LSS email"]
[Date "2022.09.23"]
[Round "?"]
[White "Plummer, Martin"]
[Black "Razo, Ryan Jose"]
[Result "0-1"]
[WhiteElo "1186"]
[BlackElo "1275"]
[PlyCount "40"]
[EventDate "2022.08.18"]
[EventType "match (corr)"]
[EventRounds "2"]
[EventCountry "GER"]
[SourceTitle "Corr 2024"]
[Source "ChessBase"]
[SourceDate "2023.10.19"]
[SourceVersion "1"]
[SourceVersionDate "2023.10.19"]
[SourceQuality "1"]

1. e4 d6 2. Nf3 Nf6 3. Nc3 g6 4. Bc4 Bg7 5. h3 0-0 6. 0-0 e5 7. a3 Nc6 8. d3 a6 9. Bg5 Ne7 10. Bxf6 Bxf6 11. Nh2 Bg5 12. Ne2 b5 13. Ba2 c6 14. Kh1 Bb7 15. f4 exf4 16. Nxf4 d5 17. Qg4 Bf6 18. Nh5 Bxb2 19. Rab1 Bh8 20. Qg3 f5 0-1

[Event "LSS ZL-2022-0-02371"]
[Site "LSS email"]
[Date "2022.08.25"]
[Round "?"]
[White "Kudela, Pavel"]
[Black "Razo, Ryan Jose"]
[Result "1-0"]
[WhiteElo "1291"]
[BlackElo "1289"]
[PlyCount "113"]
[EventDate "2022.08.02"]
[EventType "match (corr)"]
[EventRounds "2"]
[EventCountry "GER"]
[SourceTitle "Corr 2024"]
[Source "ChessBase"]
[SourceDate "2023.10.19"]
[SourceVersion "1"]
[SourceVersionDate "2023.10.19"]
[SourceQuality "1"]

1. c4 Nf6 2. Nc3 e6 3. g3 d5 4. cxd5 exd5 5. d4 c6 6. Bg2 Bf5 7. Bg5 Nbd7 8. Nf3 Bd6 9. 0-0 h6 10. Bd2 0-0 11. Re1 Qb6 12. Qc1 Rac8 13. a4 a5 14. Nh4 Bh7 15. e4 Qxd4 16. Nf3 Qb6 17. e5 Bc5 18. exf6 Bxf2+ 19. Kh1 Nxf6 20. Rf1 Rce8 21. Nd1 Bc5 22. Qc3 Bb4 23. Qc1 Bd3 24. Re1 Ne4 25. Bxb4 Qxb4 26. Kg1 f5 27. Nc3 Bc4 28. Nxe4 fxe4 29. Nd4 c5 30. Nc2 Qb6 31. Ne3 Bb3 32. Qc3 d4 33. Nc4 Qb4 34. Qxb4 axb4 35. Nd6 Rb8 36. Nxe4 b6 37. a5 c4 38. Nd2 bxa5 39. Nxb3 cxb3 40. Rxa5 Kh8 41. Bd5 Rfd8 42. Bxb3 d3 43. Rd1 d2 44. Rd5 Rxd5 45. Bxd5 Rd8 46. Rxd2 Rf8 47. Be4 Re8 48. Bg6 Rf8 49. Rd4 Rb8 50. Kf2 Kg8 51. Rf4 Rb6 52. Bd3 Rb8 53. Ke3 Re8+ 54. Kd4 Rd8+ 55. Kc4 Rb8 56. Kc5 b3 57. Rb4 1-0

[Event "LSS ZL-2022-0-02371"]
[Site "LSS email"]
[Date "2022.08.25"]
[Round "?"]
[White "Razo, Ryan Jose"]
[Black "Kudela, Pavel"]
[Result "1/2-1/2"]
[WhiteElo "1289"]
[BlackElo "1291"]
[PlyCount "130"]
[EventDate "2022.08.02"]
[EventType "match (corr)"]
[EventRounds "2"]
[EventCountry "GER"]
[SourceTitle "Corr 2024"]
[Source "ChessBase"]
[SourceDate "2023.10.19"]
[SourceVersion "1"]
[SourceVersionDate "2023.10.19"]
[SourceQuality "1"]

1. Nf3 d5 2. b3 c5 3. e3 Nc6 4. Bb2 Bg4 5. Bb5 e6 6. h3 Bh5 7. Bxc6+ bxc6 8. d3 Nf6 9. Nbd2 Bd6 10. Qe2 0-0 11. c4 e5 12. e4 Re8 13. g4 Bg6 14. 0-0 d4 15. Kg2 h5 16. Nh2 hxg4 17. hxg4 Qd7 18. Rh1 Kf8 19. Ndf3 Ke7 20. Nh4 Bh7 21. g5 Rg8 22. Rag1 Ne8 23. Kf1 Kd8 24. N2f3 Bg6 25. Nxg6 fxg6 26. Nh4 Qf7 27. Rh3 Nc7 28. Rf3 Qe8 29. Rh1 Ne6 30. Bc1 Rh8 31. Kg2 Kc7 32. Kg1 Rh5 33. Rg3 Nf4 34. Qd1 Qd7 35. Bxf4 exf4 36. Rg2 Rah8 37. Qg4 Qf7 38. Rgh2 f3 39. Nxf3 Bxh2+ 40. Rxh2 Rxh2 41. Nxh2 Rf8 42. Qg3+ Kb6 43. Ng4 Qf4 44. Qxf4 Rxf4 45. Ne5 Kc7 46. Kg2 Kd6 47. Nf3 a5 48. Kg3 Rf7 49. Nh4 a4 50. Nxg6 Ra7 51. f4 axb3 52. axb3 Ra1 53. Kg4 Rg1+ 54. Kf5 Rd1 55. e5+ Kc7 56. e6 Rxd3 57. e7 Re3 58. Ne5 Rxe5+ 59. Kxe5 Kd7 60. Ke4 Kxe7 61. f5 Kd7 62. Kf4 Kd6 63. Ke4 Ke7 64. Kf4 Kd6 65. Ke4 Ke7 1/2-1/2

[Event "LSS ZL-2022-0-02363"]
[Site "LSS email"]
[Date "2022.04.26"]
[Round "?"]
[White "Csoma, Robert"]
[Black "Razo, Ryan Jose"]
[Result "0-1"]
[WhiteElo "1125"]
[BlackElo "1254"]
[PlyCount "48"]
[EventDate "2022.03.04"]
[EventType "match (corr)"]
[EventRounds "2"]
[EventCountry "GER"]
[SourceTitle "Corr 2024"]
[Source "ChessBase"]
[SourceDate "2023.10.19"]
[SourceVersion "1"]
[SourceVersionDate "2023.10.19"]
[SourceQuality "1"]

1. d4 Nf6 2. Nc3 d5 3. e4 dxe4 4. Bg5 Bf5 5. Bc4 Nbd7 6. Nge2 e6 7. a3 h6 8. Bh4 Be7 9. 0-0 0-0 10. Re1 c6 11. Ng3 g5 12. Nxf5 exf5 13. Bg3 Nb6 14. Bb3 f4 15. Bxf4 gxf4 16. Nxe4 Nbd5 17. c4 Nc7 18. Qd2 Re8 19. Rad1 Bf8 20. Bc2 Bg7 21. Qxf4 Ne6 22. Qe3 Nxe4 23. Qxe4 Nxd4 24. Rxd4 Qxd4 0-1

[Event "SE-2022-0-00334"]
[Site "LSS email"]
[Date "2022.04.11"]
[Round "?"]
[White "Pehl, Ferenc"]
[Black "Razo, Ryan Jose"]
[Result "0-1"]
[WhiteElo "1222"]
[BlackElo "1254"]
[PlyCount "118"]
[EventDate "2021.09.15"]
[EventType "tourn (corr)"]
[EventRounds "6"]
[EventCountry "GER"]
[SourceTitle "Corr 2024"]
[Source "ChessBase"]
[SourceDate "2023.10.19"]
[SourceVersion "1"]
[SourceVersionDate "2023.10.19"]
[SourceQuality "1"]

1. e4 c6 2. d4 d5 3. e5 Bf5 4. Bd3 Bxd3 5. Qxd3 e6 6. Nf3 Qa5+ 7. Bd2 Qa6 8. Qxa6 Nxa6 9. 0-0 Ne7 10. c3 c5 11. Na3 Nc6 12. Nb5 Rc8 13. Rfc1 Be7 14. Bg5 f6 15. exf6 gxf6 16. Bh4 Kf7 17. Re1 Nc7 18. Nxc7 Rxc7 19. Bg3 Rcc8 20. Rad1 cxd4 21. Nxd4 Nxd4 22. Rxd4 a6 23. Kf1 h5 24. Bh4 Bc5 25. Rf4 Be7 26. Rf3 Rhg8 27. Rfe3 Rc6 28. R3e2 b5 29. a3 Rg4 30. g3 Rg6 31. f4 Rg8 32. Kf2 Bc5+ 33. Kf3 Re8 34. h3 Bb6 35. g4 hxg4+ 36. hxg4 Bc5 37. Bg3 Bb6 38. Rh1 Bc5 39. Rh7+ Kg6 40. Reh2 Bf8 41. R2h5 f5 42. g5 Rc4 43. Rh2 Bg7 44. R7h4 Rd8 45. Re2 Re4 46. Rhh2 Rc8 47. Rxe4 dxe4+ 48. Ke3 Rd8 49. Rd2 Rxd2 50. Kxd2 Bf8 51. Bf2 e5 52. fxe5 Kxg5 53. Bd4 f4 54. Ke2 Kf5 55. b3 Bg7 56. c4 bxc4 57. bxc4 Bxe5 58. Bb6 Bf6 59. Kd2 Bg5 0-1

[Event "LSS SF-2021-0-00513"]
[Site "LSS email"]
[Date "2021.11.30"]
[Round "?"]
[White "Razo, Ryan Jose"]
[Black "Shim Ng Min, Francis"]
[Result "1-0"]
[WhiteElo "1176"]
[BlackElo "1112"]
[PlyCount "65"]
[EventDate "2021.08.08"]
[EventType "tourn (corr)"]
[EventRounds "6"]
[EventCountry "GER"]
[SourceTitle "Corr 2024"]
[Source "ChessBase"]
[SourceDate "2023.10.19"]
[SourceVersion "1"]
[SourceVersionDate "2023.10.19"]
[SourceQuality "1"]

1. e4 c5 2. Nc3 Nc6 3. g3 e5 4. Bg2 Nf6 5. d3 d6 6. Nge2 Be7 7. 0-0 0-0 8. f4 exf4 9. Nxf4 Bg4 10. Qe1 Nd4 11. Qf2 Rb8 12. Be3 b5 13. h3 Bd7 14. Bxd4 cxd4 15. Qxd4 Bc6 16. a3 Qb6 17. Qxb6 Rxb6 18. Nd1 a5 19. Ne3 h6 20. c3 Nd7 21. Ned5 Bxd5 22. Nxd5 Bd8 23. Nxb6 Bxb6+ 24. Kh2 Ne5 25. d4 Nc4 26. b4 axb4 27. axb4 Ne3 28. Rf3 Nxg2 29. Kxg2 Re8 30. Rf5 Rxe4 31. Ra8+ Kh7 32. Rxf7 Re3 33. Rb8 1-0

[Event "LSS ZL-2021-0-02335"]
[Site "LSS email"]
[Date "2021.11.06"]
[Round "?"]
[White "Heiden, Markus"]
[Black "Razo, Ryan Jose"]
[Result "0-1"]
[WhiteElo "1188"]
[BlackElo "1172"]
[PlyCount "36"]
[EventDate "2021.09.16"]
[EventType "match (corr)"]
[EventRounds "2"]
[EventCountry "GER"]
[SourceTitle "Corr 2024"]
[Source "ChessBase"]
[SourceDate "2023.10.19"]
[SourceVersion "1"]
[SourceVersionDate "2023.10.19"]
[SourceQuality "1"]

1. d4 Nf6 2. g3 e6 3. Bg2 d5 4. Nf3 Be7 5. 0-0 0-0 6. c4 dxc4 7. Qa4 a6 8. Qxc4 b5 9. Qc2 Bb7 10. Nbd2 Nbd7 11. a4 c5 12. axb5 axb5 13. Rxa8 Qxa8 14. dxc5 Nxc5 15. Rd1 Rc8 16. Ne1 Nce4 17. Qb1 Nxf2 18. Kxf2 Ng4+ 0-1

[Event "SE-2021-0-00326"]
[Site "LSS email"]
[Date "2021.02.28"]
[Round "?"]
[White "Razo, Ryan Jose"]
[Black "Raines, David"]
[Result "1-0"]
[WhiteElo "1162"]
[BlackElo "1204"]
[PlyCount "71"]
[EventDate "2020.11.14"]
[EventType "tourn (corr)"]
[EventRounds "6"]
[EventCountry "GER"]
[SourceTitle "Corr 2024"]
[Source "ChessBase"]
[SourceDate "2023.10.19"]
[SourceVersion "1"]
[SourceVersionDate "2023.10.19"]
[SourceQuality "1"]

1. Nf3 Nf6 2. c4 c6 3. d4 d5 4. Qc2 Bg4 5. Nbd2 Nbd7 6. g3 e6 7. Bg2 Bd6 8. 0-0 0-0 9. e4 dxe4 10. Nxe4 Nxe4 11. Qxe4 Bf5 12. Qe2 h6 13. Bd2 Nf6 14. Rac1 Rc8 15. Rfd1 Bc7 16. Bb4 Re8 17. Bc5 Bb6 18. Bb4 Ba5 19. Bxa5 Qxa5 20. Ne5 Qc7 21. b3 Qa5 22. f4 Rcd8 23. g4 Bh7 24. g5 Nd7 25. gxh6 Nxe5 26. fxe5 Qa3 27. Qg4 Qf8 28. hxg7 Qxg7 29. Qf4 Rd7 30. Rc3 Kf8 31. Rg3 Bg6 32. Be4 Kg8 33. Kh1 c5 34. d5 exd5 35. Bf5 Rde7 36. e6 1-0

[Event "SE-2021-0-00326"]
[Site "LSS email"]
[Date "2021.02.28"]
[Round "?"]
[White "Razo, Ryan Jose"]
[Black "Vlasov, Aleksandr"]
[Result "0-1"]
[WhiteElo "1162"]
[BlackElo "1215"]
[PlyCount "96"]
[EventDate "2020.11.14"]
[EventType "tourn (corr)"]
[EventRounds "6"]
[EventCountry "GER"]
[SourceTitle "Corr 2024"]
[Source "ChessBase"]
[SourceDate "2023.10.19"]
[SourceVersion "1"]
[SourceVersionDate "2023.10.19"]
[SourceQuality "1"]

1. Nf3 c5 2. g3 d5 3. Bg2 Nc6 4. 0-0 e5 5. d3 Nf6 6. Nbd2 Bd6 7. e4 d4 8. Ne1 0-0 9. f4 Bg4 10. Ndf3 b5 11. h3 Bxf3 12. Nxf3 Qc7 13. f5 c4 14. a3 Rac8 15. g4 cxd3 16. cxd3 Na5 17. Rf2 Nd7 18. b4 Nb7 19. Qf1 a5 20. Rb1 axb4 21. axb4 Qd8 22. g5 Rc6 23. Nh4 g6 24. Qe2 Nb6 25. Bd2 Na4 26. Qg4 Nc3 27. Rb2 Qa8 28. Rf1 Na4 29. Ra2 Qc8 30. Rfa1 Rc2 31. f6 Qxg4 32. hxg4 Rfc8 33. Nf3 Rxa2 34. Rxa2 Nd8 35. Kf2 Kf8 36. Ra1 Ne6 37. Ke2 Ke8 38. Rh1 Nf8 39. Ra1 Ne6 40. Rh1 Rc2 41. Rxh7 Nc3+ 42. Ke1 Rb2 43. Rh1 Rxb4 44. Kf2 Rb2 45. Rh8+ Nf8 46. Rh1 Nb1 47. Ke2 Bb4 48. Rd1 Nc3+ 0-1

[Event "LSS SF-2021-0-00506"]
[Site "LSS email"]
[Date "2021.02.27"]
[Round "?"]
[White "Razo, Ryan Jose"]
[Black "Shim Ng Min, Francis"]
[Result "1-0"]
[WhiteElo "1156"]
[BlackElo "1113"]
[PlyCount "61"]
[EventDate "2020.12.24"]
[EventType "tourn (corr)"]
[EventRounds "6"]
[EventCountry "GER"]
[SourceTitle "Corr 2024"]
[Source "ChessBase"]
[SourceDate "2023.10.19"]
[SourceVersion "1"]
[SourceVersionDate "2023.10.19"]
[SourceQuality "1"]

1. Nf3 Nf6 2. c4 c5 3. Nc3 Nc6 4. g3 e5 5. Bg2 d6 6. d3 h6 7. 0-0 Be7 8. Ne1 0-0 9. Nc2 Rb8 10. Ne3 Re8 11. Ned5 Nxd5 12. Nxd5 Bf8 13. a3 Be6 14. Nc3 Qd7 15. e3 Bh3 16. Re1 Bxg2 17. Kxg2 a6 18. b3 b5 19. Bd2 b4 20. Nd5 a5 21. Rf1 Ne7 22. f4 Nxd5 23. cxd5 Qb7 24. e4 f6 25. fxe5 fxe5 26. a4 Be7 27. Qg4 Kh8 28. Rf7 Rg8 29. Qh5 Kh7 30. Raf1 Rbf8 31. Qxh6# 1-0

[Event "IECC CL0-2020.00 email"]
[Site "IECC email"]
[Date "2020.08.14"]
[Round "?"]
[White "Zmolil, Karel"]
[Black "Razo, Ryan Jose"]
[Result "0-1"]
[WhiteElo "971"]
[BlackElo "1137"]
[PlyCount "92"]
[EventDate "2020.04.18"]
[EventType "tourn (corr)"]
[EventRounds "4"]
[SourceTitle "Corr 2022"]
[Source "ChessBase"]
[SourceDate "2021.10.24"]
[SourceVersion "1"]
[SourceVersionDate "2021.10.24"]
[SourceQuality "1"]

1. e4 c6 2. d4 d5 3. e5 Bf5 4. Bd3 Bxd3 5. Qxd3 e6 6. Nf3 Qb6 7. 0-0 c5 8. c3 Nc6 9. b3 Rc8 10. Be3 cxd4 11. cxd4 Nb4 12. Qd2 Rc2 13. Qd1 Rc7 14. Ne1 Ne7 15. f3 Nf5 16. Bf2 Be7 17. Na3 0-0 18. f4 Rfc8 19. Qd2 Rc6 20. g4 Nh6 21. h3 Qa6 22. Qb2 Nd3 23. Qe2 Nxf2 24. Qxa6 Nxh3+ 25. Kh2 Rxa6 26. Nb5 Nxf4 27. Rxf4 Bg5 28. Rf3 Nxg4+ 29. Kg3 h5 30. Nd6 Rc7 31. a4 Rac6 32. Nd3 Rc2 33. Raf1 Ne3 34. Rg1 Re2 35. Nf4 Bxf4+ 36. Kxf4 Nf5 37. Nxf5 Re4+ 38. Kg5 exf5 39. Kxh5 g6+ 40. Kh6 Rc2 41. Kg5 Rxd4 42. Kf6 Rc6+ 43. Kg5 Re4 44. Rh3 Kg7 45. Rd3 Rc1 46. Rgg3 Rh1 0-1

[Event "IECC CL0-2020.00 email"]
[Site "IECC email"]
[Date "2020.05.13"]
[Round "?"]
[White "Razo, Ryan Jose"]
[Black "De Booij, Marco"]
[Result "0-1"]
[WhiteElo "1086"]
[BlackElo "1028"]
[PlyCount "24"]
[EventDate "2020.02.23"]
[EventType "tourn (corr)"]
[EventRounds "4"]
[SourceTitle "Corr 2022"]
[Source "ChessBase"]
[SourceDate "2021.10.24"]
[SourceVersion "1"]
[SourceVersionDate "2021.10.24"]
[SourceQuality "1"]

1. Nf3 Nf6 2. c4 c5 3. g3 g6 4. Bg2 Bg7 5. 0-0 Nc6 6. Nc3 0-0 7. d4 cxd4 8. Nxd4 Ng4 9. e3 Nh6 10. Nde2 d6 11. b3 Bg4 12. Qd2 Bxe2 0-1

[Event "IECC CL0-2020.00 email"]
[Site "IECC email"]
[Date "2020.05.13"]
[Round "?"]
[White "Shim Ng Min, Francis"]
[Black "Razo, Ryan Jose"]
[Result "1/2-1/2"]
[WhiteElo "1123"]
[BlackElo "1086"]
[PlyCount "50"]
[EventDate "2020.02.23"]
[EventType "tourn (corr)"]
[EventRounds "4"]
[SourceTitle "Corr 2022"]
[Source "ChessBase"]
[SourceDate "2021.10.24"]
[SourceVersion "1"]
[SourceVersionDate "2021.10.24"]
[SourceQuality "1"]

1. e4 c6 2. Nc3 d5 3. Qf3 dxe4 4. Nxe4 Nd7 5. d4 Ndf6 6. Be3 Nxe4 7. Qxe4 Nf6 8. Qh4 Bf5 9. 0-0-0 e6 10. Bd3 Bxd3 11. Rxd3 Bd6 12. Nf3 Qa5 13. Kb1 0-0-0 14. Bf4 Bxf4 15. Qxf4 Qc7 16. Qg5 Rhg8 17. h3 Rd5 18. Qe3 Rgd8 19. c4 Ra5 20. Ra3 Rxa3 21. Qxa3 Kb8 22. Qe3 h6 23. a3 Qb6 24. Ka2 Nd7 25. Rc1 Qc7 1/2-1/2

[Event "IECC CL0-2020.00 email"]
[Site "IECC email"]
[Date "2020.01.12"]
[Round "?"]
[White "Verich, Oleg"]
[Black "Razo, Ryan Jose"]
[Result "0-1"]
[WhiteElo "1074"]
[BlackElo "1100"]
[PlyCount "104"]
[EventDate "2019.12.11"]
[EventType "tourn (corr)"]
[EventRounds "4"]
[SourceTitle "Corr 2022"]
[Source "ChessBase"]
[SourceDate "2021.10.24"]
[SourceVersion "1"]
[SourceVersionDate "2021.10.24"]
[SourceQuality "1"]

1. Nf3 Nf6 2. g3 e6 3. Bg2 d5 4. 0-0 Nbd7 5. d4 Be7 6. Nbd2 0-0 7. c4 c6 8. Ne5 Qc7 9. f4 b6 10. b3 Ba6 11. Bf3 Rac8 12. Bb2 Rfd8 13. Kg2 Bb4 14. cxd5 Nxd5 15. Bxd5 cxd5 16. Rc1 Qd6 17. Ndf3 Nf6 18. Nd3 Ng4 19. Rxc8 Rxc8 20. Bc1 Nf6 21. Nxb4 Qxb4 22. Ne5 Ne4 23. Be3 Nc3 24. Qd2 Qa3 25. Re1 Bb5 26. Nd3 Ne4 27. Qb4 Qxb4 28. Nxb4 Rc3 29. Bf2 a5 30. Nd3 Bxd3 31. exd3 Nxf2 32. Kxf2 Rc2+ 33. Re2 Rc8 34. Ke3 g6 35. Kd2 b5 36. a3 b4 37. a4 Rc3 38. Re1 Rxb3 39. Rc1 Ra3 40. Rc8+ Kg7 41. Ra8 Rxa4 42. Kc2 Ra3 43. h3 h5 44. g4 hxg4 45. hxg4 a4 46. g5 Rc3+ 47. Kd2 a3 48. Ra4 Rb3 49. Kc2 Rb2+ 50. Kc1 Rf2 51. Rxb4 Rf1+ 52. Kc2 a2 0-1

[Event "SN-2019-0-00999"]
[Site "LSS email"]
[Date "2019.11.11"]
[Round "?"]
[White "Razo, Ryan Jose"]
[Black "Lauer, Frederic"]
[Result "1-0"]
[WhiteElo "1121"]
[BlackElo "1130"]
[PlyCount "55"]
[EventDate "2019.10.29"]
[EventType "tourn (corr)"]
[EventRounds "6"]
[EventCountry "GER"]
[SourceTitle "Corr 2022"]
[Source "ChessBase"]
[SourceDate "2021.10.24"]
[SourceVersion "1"]
[SourceVersionDate "2021.10.24"]
[SourceQuality "1"]

1. Nf3 c5 2. c4 Nc6 3. d4 cxd4 4. Nxd4 e6 5. Nb5 a6 6. Nd6+ Bxd6 7. Qxd6 Qe7 8. Qg3 f5 9. e3 Nf6 10. Nc3 0-0 11. a3 b6 12. Be2 Bb7 13. 0-0 d6 14. b4 e5 15. Bb2 Rac8 16. Rfd1 Rfd8 17. Rac1 h6 18. f3 Kh8 19. Na4 Qc7 20. c5 dxc5 21. bxc5 b5 22. Nb6 Rxd1+ 23. Rxd1 Rd8 24. Rxd8+ Qxd8 25. Bxe5 Qd2 26. Bxf6 gxf6 27. Kf2 Ne5 28. Kf1 1-0

[Event "IECC CL0-2019.00 email"]
[Site "IECC email"]
[Date "2019.09.03"]
[Round "?"]
[White "Raines, David T"]
[Black "Razo, Ryan Jose"]
[Result "0-1"]
[WhiteElo "1244"]
[BlackElo "1142"]
[PlyCount "36"]
[EventDate "2019.07.30"]
[EventType "tourn (corr)"]
[EventRounds "4"]
[SourceTitle "Corr 2022"]
[Source "ChessBase"]
[SourceDate "2021.10.24"]
[SourceVersion "1"]
[SourceVersionDate "2021.10.24"]
[SourceQuality "1"]

1. d4 Nf6 2. Nf3 e6 3. e3 b6 4. Be2 Bb7 5. 0-0 Be7 6. b3 0-0 7. Bb2 c5 8. Nbd2 d6 9. c4 Nbd7 10. a3 Qc7 11. Rc1 Rac8 12. Re1 Rfd8 13. b4 cxd4 14. Nxd4 a6 15. Bf3 Qb8 16. Qb3 Re8 17. Qd3 Ne5 18. Bxb7 Nxd3 0-1

[Event "IECC CL0-2019.00 email"]
[Site "IECC email"]
[Date "2019.09.03"]
[Round "?"]
[White "Shim Ng Min, Francis"]
[Black "Razo, Ryan Jose"]
[Result "1-0"]
[WhiteElo "1272"]
[BlackElo "1142"]
[PlyCount "79"]
[EventDate "2019.07.30"]
[EventType "tourn (corr)"]
[EventRounds "4"]
[SourceTitle "Corr 2022"]
[Source "ChessBase"]
[SourceDate "2021.10.24"]
[SourceVersion "1"]
[SourceVersionDate "2021.10.24"]
[SourceQuality "1"]

1. e4 c6 2. Nc3 d5 3. Nf3 Bg4 4. h3 Bxf3 5. Qxf3 e6 6. exd5 cxd5 7. d4 Nc6 8. Bb5 Nf6 9. 0-0 Be7 10. Be3 0-0 11. a3 Rc8 12. Rac1 Na5 13. Bf4 a6 14. Bd3 Nc4 15. Bxc4 Rxc4 16. Be5 Qb6 17. b4 a5 18. bxa5 Qxa5 19. Nb1 Rfc8 20. Qb3 Qa8 21. c3 R8c6 22. Rc2 Qc8 23. Rfc1 Ne4 24. f3 Nd6 25. Nd2 b5 26. Nxc4 Nxc4 27. a4 bxa4 28. Qxa4 Nxe5 29. dxe5 Bg5 30. Ra1 h6 31. Qa8 Be3+ 32. Kh1 Kh7 33. Qxc8 Rxc8 34. Rd1 Rc7 35. Rd3 d4 36. c4 Rb7 37. c5 Rb1+ 38. Kh2 Bg1+ 39. Kg3 Kg6 40. c6 1-0

[Event "IECC CL0-2019.00 email"]
[Site "IECC email"]
[Date "2019.08.13"]
[Round "?"]
[White "Slavin, Pablo"]
[Black "Razo, Ryan Jose"]
[Result "1-0"]
[WhiteElo "1141"]
[BlackElo "1142"]
[PlyCount "39"]
[EventDate "2019.06.28"]
[EventType "tourn (corr)"]
[EventRounds "4"]
[SourceTitle "Corr 2022"]
[Source "ChessBase"]
[SourceDate "2021.10.24"]
[SourceVersion "1"]
[SourceVersionDate "2021.10.24"]
[SourceQuality "1"]

1. e4 c6 2. d4 d5 3. Nc3 dxe4 4. Nxe4 Nd7 5. Nf3 Ngf6 6. Ng3 e6 7. Bd3 c5 8. 0-0 Be7 9. c4 0-0 10. b3 b6 11. Bb2 Bb7 12. Re1 Re8 13. Rc1 Qc7 14. Bb1 cxd4 15. Nxd4 Nc5 16. Qc2 a6 17. Nh5 Ncd7 18. Nxg7 Kxg7 19. Nb5 axb5 20. Qxh7+ 1-0

[Event "SE-2019-0-00297"]
[Site "LSS email"]
[Date "2019.06.25"]
[Round "?"]
[White "Salazar Moran, Alejandro Fortunato"]
[Black "Razo, Ryan Jose"]
[Result "1-0"]
[WhiteElo "1397"]
[BlackElo "1190"]
[PlyCount "27"]
[EventDate "2019.02.28"]
[EventType "tourn (corr)"]
[EventRounds "6"]
[EventCountry "GER"]
[SourceTitle "Corr 2022"]
[Source "ChessBase"]
[SourceDate "2021.10.24"]
[SourceVersion "1"]
[SourceVersionDate "2021.10.24"]
[SourceQuality "1"]

1. e4 c6 2. d4 d5 3. e5 Bf5 4. Bd3 Bxd3 5. Qxd3 e6 6. a4 c5 7. Nf3 Nc6 8. c3 Qb6 9. 0-0 Nge7 10. Nbd2 h5 11. a5 Nxa5 12. dxc5 Qxc5 13. b4 Qxb4 14. cxb4 1-0

[Event "SE-2019-0-00297"]
[Site "LSS email"]
[Date "2019.06.03"]
[Round "?"]
[White "Razo, Ryan Jose"]
[Black "Lonyuk, Bohdan"]
[Result "0-1"]
[WhiteElo "1190"]
[BlackElo "1314"]
[PlyCount "108"]
[EventDate "2019.02.28"]
[EventType "tourn (corr)"]
[EventRounds "6"]
[EventCountry "GER"]
[SourceTitle "Corr 2022"]
[Source "ChessBase"]
[SourceDate "2021.10.24"]
[SourceVersion "1"]
[SourceVersionDate "2021.10.24"]
[SourceQuality "1"]

1. d4 Nf6 2. c4 g6 3. Nc3 Bg7 4. e4 d6 5. Nf3 0-0 6. Be2 e5 7. 0-0 Nc6 8. d5 Ne7 9. Ne1 Nd7 10. f3 f5 11. Nd3 f4 12. Bd2 g5 13. Rc1 Ng6 14. Nb5 a6 15. Nc3 Nf6 16. Nf2 h5 17. h3 g4 18. hxg4 hxg4 19. fxg4 Nh7 20. Na4 Ng5 21. Bf3 Nh4 22. c5 Bd7 23. Nd3 Nhxf3+ 24. gxf3 Nxf3+ 25. Qxf3 Bxa4 26. Rf2 Qg5 27. cxd6 cxd6 28. b3 Bd7 29. Rg2 Rac8 30. Nf2 Rxc1+ 31. Bxc1 Rc8 32. Ba3 Bf8 33. Nh3 Qh4 34. Nf2 Rc2 35. Rh2 Qg3+ 36. Qxg3 fxg3 37. Rg2 gxf2+ 38. Rxf2 Rxf2 39. Kxf2 Bxg4 40. Ke3 Kf7 41. Bb4 Ke7 42. Kd2 Kd7 43. Ba5 Bh6+ 44. Kd3 Bh3 45. Be1 Bf1+ 46. Kc3 Be3 47. b4 Bd4+ 48. Kd2 Ba7 49. Kc3 Ke7 50. Bh4+ Kf7 51. Bd8 Bb8 52. Bb6 Kg6 53. Be3 Kh5 54. Kd2 Kg4 0-1

[Event "SE-2019-0-00290"]
[Site "LSS email"]
[Date "2019.01.09"]
[Round "?"]
[White "Razo, Ryan Jose"]
[Black "Jimenez Alban, Xavier"]
[Result "0-1"]
[WhiteElo "1201"]
[BlackElo "1553"]
[PlyCount "44"]
[EventDate "2018.11.26"]
[EventType "tourn (corr)"]
[EventRounds "6"]
[EventCountry "GER"]
[SourceTitle "Corr 2022"]
[Source "ChessBase"]
[SourceDate "2021.10.24"]
[SourceVersion "1"]
[SourceVersionDate "2021.10.24"]
[SourceQuality "1"]

1. d4 d5 2. c4 dxc4 3. Nf3 Nf6 4. Qa4+ c6 5. Qxc4 Bf5 6. Nc3 e6 7. g3 b5 8. Qb3 b4 9. Nb1 Be7 10. Bg2 0-0 11. e3 a5 12. a4 Nbd7 13. Nbd2 Rc8 14. 0-0 c5 15. Nc4 Be4 16. Rd1 Qc7 17. Bd2 cxd4 18. Rac1 Bd5 19. exd4 Bxc4 20. Qe3 Nd5 21. Qe4 N7f6 22. Qb1 Qb6 0-1